| 000 | 00432nam a22001697a 4500 | ||
|---|---|---|---|
| 999 |
_c525025 _d525025 |
||
| 003 | NUST | ||
| 038 | _awaseem | ||
| 082 |
_a891.439 _bSAL |
||
| 100 |
_aSaleem, Nighat _915818 |
||
| 245 |
_aAdabiyaat / _cNighat Saleem |
||
| 260 |
_aIslamabad : _bNUST University Press, _c2014. |
||
| 300 | _a260 p. ; | ||
| 500 | _aPapercover. | ||
| 880 |
_6100-01\r _a نگہت سلیم |
||
| 880 |
_6 245-02\r _a ادبیات / |
||
| 942 |
_2ddc _cBK |
||